| 000 | 00836nam a2200229Ia 4500 | ||
|---|---|---|---|
| 999 |
_c36022 _d36022 |
||
| 001 | 1921 | ||
| 003 | GE_BSU | ||
| 005 | 20221010135637.0 | ||
| 008 | 181216s2006ru xx |||||||||||||| ||rus|| | ||
| 020 | _a5964500609 | ||
| 040 | _cGE_BSU | ||
| 041 | _arus | ||
| 080 | _a347.73(075.8) З-40 | ||
| 245 |
_aЗащита прав инвесторов : _bУчебно- практический курс / _c[Под. ред. В.В. Яркова] |
||
| 264 |
_aСПБ : _bДом.СПБ гос. ун-та, _c2006. |
||
| 300 |
_a552 с. : _b21 см. |
||
| 653 | _aЗащита прав инвесторов. | ||
| 653 | _aინვესტორების უფლებების დაცვა | ||
| 653 | _aსამართალი | ||
| 700 |
_a Яркова, В.В. _eრედაქტორი _915191 |
||
| 942 |
_cBK _2udc |
||